Метод неразрушающего ультразвукового контроля соединений медных трубопроводов с использованием поверхностных горизонтальных волн сдвига; Атомная техника за рубежом; № 3

Bibliographische Detailangaben
Parent link:Атомная техника за рубежом: научно-технический журнал/ Росатом; Государственная корпорация по атомной энергии; Ядерное общество России (ЯОР).— , 1957-.— 0320-9326
№ 3.— 2004.— С. 22-24
1. Verfasser: Мори С.
Weitere Verfasser: Маяковский М. С. (переводчик)
Sprache:Russisch
Veröffentlicht: 2004
Schriftenreihe:Переводы
Schlagworte:
Format: MixedMaterials Buchkapitel
KOHA link:https://koha.lib.tpu.ru/cgi-bin/koha/opac-detail.pl?biblionumber=393238

MARC

LEADER 00000naa2a2200000 4500
001 393238
005 20231101064355.0
035 |a (RuTPU)RU\TPU\prd\29184 
090 |a 393238 
100 |a 20041026a2004 k y0rusy50 ca 
101 0 |a rus 
102 |a RU 
200 1 |a Метод неразрушающего ультразвукового контроля соединений медных трубопроводов с использованием поверхностных горизонтальных волн сдвига  |f С. Мори  |g Пер. М. С. Маяковский 
225 1 |a Переводы 
461 1 |0 (RuTPU)RU\TPU\prd\1300  |x 0320-9326  |t Атомная техника за рубежом  |o научно-технический журнал  |f Росатом; Государственная корпорация по атомной энергии; Ядерное общество России (ЯОР)  |d 1957- 
463 1 |0 (RuTPU)RU\TPU\prd\25886  |t № 3  |v С. 22-24  |d 2004 
610 1 |a воздуховпроводы 
610 1 |a медные трубопроводы 
610 1 |a соединительные устройства 
610 1 |a контроль 
610 1 |a ультразвуковой контроль 
610 1 |a поверхностные горизонтальные волны сдвига 
675 |a 621.311.61.039.004.75  |v 3 
700 1 |a Мори  |b С. 
702 1 |a Маяковский  |b М. С.  |4 730 
801 1 |a RU  |b 63413507  |c 20041026  |g PSBO 
801 2 |a RU  |b 63413507  |c 20120420  |g RCR 
942 |c BK